South Eastern Kenya University

Library Online Public Access Catalogue


Financial training AAT study pack : (Record no. 18629)

MARC details
000 -LEADER
fixed length control field 00511nam a22001817a 4500
003 - CONTROL NUMBER IDENTIFIER
control field OSt
005 - DATE AND TIME OF LATEST TRANSACTION
control field 20251111085808.0
008 - FIXED-LENGTH DATA ELEMENTS--GENERAL INFORMATION
fixed length control field 251111b |||||||| |||| 00| 0 eng d
020 ## - INTERNATIONAL STANDARD BOOK NUMBER
International Standard Book Number 1851790020
040 ## - CATALOGING SOURCE
Original cataloging agency SEKU
Language of cataloging eng.
050 ## - LIBRARY OF CONGRESS CALL NUMBER
Classification number HF 5500
Item number .B979 B8
245 ## - TITLE STATEMENT
Title Financial training AAT study pack :
Remainder of title business administration
260 ## - PUBLICATION, DISTRIBUTION, ETC. (IMPRINT)
Place of publication, distribution, etc. London :
Name of publisher, distributor, etc. Financial Training Courses,
Date of publication, distribution, etc. 1989.
650 ## - SUBJECT ADDED ENTRY--TOPICAL TERM
Topical term or geographic name as entry element Business administration
650 ## - SUBJECT ADDED ENTRY--TOPICAL TERM
Topical term or geographic name as entry element Business procedures
650 ## - SUBJECT ADDED ENTRY--TOPICAL TERM
Topical term or geographic name as entry element Communication
942 ## - ADDED ENTRY ELEMENTS (KOHA)
Source of classification or shelving scheme Library of Congress Classification
Koha item type General circulation
Holdings
Withdrawn status Lost status Source of classification or shelving scheme Damaged status Not for loan Home library Current library Shelving location Date acquired Total Checkouts Full call number Barcode Date last seen Price effective from Koha item type
    Library of Congress Classification     Kitui Town Campus Library Kitui Town Campus Library General Stacks 11/11/2025   HF 5500 .B979 B8 2024/027900 11/11/2025 11/11/2025 General circulation
Kitui, Kenya.
+254736116989
library@seku.ac.ke